Memorias de un arquitecto obstinado

Detalles Bibliográficos
Autor principal: Lawner, Miguel
Otros Autores: Fuentes H., Pablo
Formato: Libro
Lenguaje:lengua desconocida
Publicado: Concepción : Universidad del Bío Bío, 2013.
Materias:
Acceso en línea:

MARC

LEADER 00000nam a2200000Ia 4500
001 49422
008 230117s9999 xx 000 0 und d
020 |a 9789569275005 
040 |a UAHC  |c UAHC 
082 |a 927.20  |b L418 
100 |a Lawner, Miguel 
245 0 |a Memorias de un arquitecto obstinado  |c Miguel Lawner 
260 |a Concepción :  |b Universidad del Bío Bío,  |c 2013. 
300 |a 371 páginas. 
650 |a Arquitectura 
700 |a Fuentes H., Pablo 
900 |a 927.20 LAW 
942 |c BK 
952 |0 0  |1 0  |4 0  |6 927_200000000000000_LAW  |7 0  |8 COMP  |9 97606  |a BC  |b BC  |c General  |d 2023-01-17  |l 0  |o 927.20 LAW  |p 1450459  |r 2026-01-13 00:00:00  |t 1  |w 2023-01-17  |y BK 
999 |c 60161  |d 60161